[Event "HWT 2010"]
[Site "?"]
[Date "2010.01.08"]
[Round "1"]
[White "Buchallik, Jakob"]
[Black "Mahler, Sonja"]
[Result "1-0"]
[WhiteElo "1072"]
[BlackElo "1425"]
[PlyCount "97"]

{69MB, NAME-CD5FDA878D} 1. e4 e5 2. Nf3 Nc6 3. Bc4 h6 4. d4 exd4 5. Nxd4 Ne5 6.
Bb3 Bc5 7. Be3 Nf6 8. Nc3 Bb4 9. f3 d6 10. O-O Bd7 11. Kh1 a6 12. a3 Ba5 13.
Qe2 Qc8 14. Qf2 c5 15. Nde2 b5 16. Bd5 Rb8 17. b4 Bb6 18. Rfd1 O-O 19. Na2 Re8
20. Kg1 Re7 21. Ng3 Nxd5 22. Rxd5 Nc4 23. Nc1 Re5 24. Rxe5 Nxe5 25. Nb3 Nc4 26.
bxc5 Ba7 27. Kh1 Nxe3 28. Qxe3 dxc5 29. Ne2 Qc7 30. Rb1 Re8 31. h3 Bb8 32. Qg1
Re5 33. Rd1 Bc8 34. c3 Rg5 35. f4 Rg6 36. Qxc5 Qb7 37. Rd8+ Kh7 38. Qf8 Rxg2
39. Kxg2 Qxe4+ 40. Kf2 Ba7+ 41. Nbd4 Bxh3 42. Qg8+ Kg6 43. Rd6+ f6 44. Ke1 Bxd4
45. Rxd4 Qb1+ 46. Rd1 Qe4 47. Qa2 Be6 48. Qb1 Bf5 49. Qxe4 1-0

[Event "HWT 2010"]
[Site "?"]
[Date "2010.01.08"]
[Round "1"]
[White "Lange, Ronald"]
[Black "Wolff, Joachim Peter"]
[Result "1-0"]
[WhiteElo "1420"]
[BlackElo "1061"]
[PlyCount "61"]

{69MB, NAME-CD5FDA878D} 1. e4 c6 2. d4 d5 3. e5 Bf5 4. Bd3 e6 5. Bxf5 exf5 6.
Nf3 Be7 7. c3 f6 8. O-O fxe5 9. Nxe5 Nf6 10. Bg5 O-O 11. Qb3 b5 12. a4 Nbd7 13.
Nxc6 Qe8 14. Nxe7+ Qxe7 15. Bxf6 Nxf6 16. axb5 f4 17. Nd2 Kh8 18. Nf3 Qb7 19.
Ne5 Ne4 20. Rad1 Nd6 21. c4 dxc4 22. Nxc4 Nxb5 23. Nd6 Qb6 24. Nf7+ Rxf7 25.
Qxf7 Nxd4 26. Rfe1 Qc6 27. Rxd4 h6 28. Rde4 Kh7 29. Qxf4 Rg8 30. Re7 Qd5 31.
Qe4+ 1-0

[Event "HWT 2010"]
[Site "?"]
[Date "2010.01.08"]
[Round "1"]
[White "Dombrowski, Jan"]
[Black "Möller, Dirk"]
[Result "1-0"]
[WhiteElo "1055"]
[BlackElo "1392"]
[PlyCount "71"]

{69MB, NAME-CD5FDA878D} 1. e4 c5 2. Nf3 d6 3. d4 cxd4 4. Nxd4 a6 5. Nc3 e5 6.
Nf3 Nf6 7. Bd3 Be7 8. h3 Nc6 9. a3 b5 10. b4 O-O 11. O-O Be6 12. Bd2 d5 13.
exd5 Nxd5 14. Re1 Qc7 15. Qe2 Bd6 16. Qe4 Nf6 17. Qh4 Ne7 18. Bg5 Ng6 19. Bxg6
fxg6 20. Bxf6 gxf6 21. Ne4 Be7 22. Qh6 Qxc2 23. Rac1 Qa2 24. Rc7 Rf7 25. Rxe7
Rxe7 26. Nxf6+ Kf7 27. Nxh7 Rg8 28. Nxe5+ Ke8 29. Nf6+ Kd8 30. Nxg8 Bxg8 31.
Nc6+ Kd7 32. Nxe7 Be6 33. Nxg6 Qxa3 34. Qd2+ Kc7 35. Rxe6 Qa1+ 36. Kh2 1-0

[Event "HWT 2010"]
[Site "?"]
[Date "2010.01.08"]
[Round "1"]
[White "Bauerfeind, Lars"]
[Black "Heinrich, Dr. Manfred"]
[Result "1-0"]
[WhiteElo "1385"]
[BlackElo "1012"]
[PlyCount "105"]

{69MB, NAME-CD5FDA878D} 1. d4 c6 2. c4 d5 3. Nc3 Nf6 4. Nf3 Bf5 5. Bg5 Nbd7 6.
e3 h6 7. Bxf6 Nxf6 8. Ne5 e6 9. cxd5 exd5 10. Qb3 Rb8 11. Be2 Bd6 12. Nf3 O-O
13. O-O Ne4 14. Nxe4 dxe4 15. Nd2 Qc7 16. g3 Bh3 17. Rfc1 Be6 18. Bc4 Rbe8 19.
Bxe6 Rxe6 20. d5 Re5 21. dxc6 bxc6 22. Qc4 Rfe8 23. Qxc6 Qxc6 24. Rxc6 Bb4 25.
Nb3 a5 26. a3 Bf8 27. Ra6 Rb8 28. Nxa5 Rxb2 29. Nc4 Rbb5 30. Nxe5 Rxe5 31. Ra8
g6 32. a4 Kg7 33. a5 Bc5 34. a6 Re7 35. Rb8 Ba7 36. Rb7 Rxb7 37. axb7 Bb8 38.
Ra8 Be5 39. b8=Q Bxb8 40. Rxb8 g5 41. Re8 f5 42. h3 Kg6 43. g4 h5 44. gxh5+
Kxh5 45. Re6 g4 46. hxg4+ Kxg4 47. Rg6+ Kh5 48. Rg8 Kh4 49. Kf1 Kh5 50. Ke2 Kh4
51. Kd2 Kh3 52. Kc3 Kh2 53. Kd4 1-0

[Event "HWT 2010"]
[Site "?"]
[Date "2010.01.08"]
[Round "1"]
[White "Glase, Johan"]
[Black "Uhle, Claus"]
[Result "0-1"]
[WhiteElo "1003"]
[BlackElo "1369"]
[PlyCount "50"]

{69MB, NAME-CD5FDA878D} 1. g3 d5 2. Bg2 Nf6 3. e3 e5 4. Ne2 Nc6 5. d3 h6 6. O-O
Be6 7. f4 Bg4 8. c4 dxc4 9. Bxc6+ bxc6 10. d4 exd4 11. exd4 Bd6 12. Qc2 O-O 13.
Qxc4 Qd7 14. Nbc3 Rfe8 15. Bd2 Nd5 16. Nc1 Ne3 17. Bxe3 Rxe3 18. d5 c5 19. Nd3
Be2 20. Nxe2 Rxe2 21. Nxc5 Bxc5+ 22. Kh1 Qe7 23. Qc3 Qe4+ 24. Qf3 Qc2 25. Rac1
Rxh2# 0-1

[Event "HWT 2010"]
[Site "?"]
[Date "2010.01.08"]
[Round "1"]
[White "Zelanti, Markus"]
[Black "Eisfeld, Daniel"]
[Result "1-0"]
[WhiteElo "1352"]
[BlackElo "963"]
[PlyCount "61"]

{69MB, NAME-CD5FDA878D} 1. b4 e5 2. Bb2 f6 3. b5 Bc5 4. e3 d6 5. Bc4 Bd7 6.
Bxg8 Rxg8 7. Qh5+ g6 8. Qxh7 Be6 9. Nf3 Qd7 10. Qxd7+ Bxd7 11. c4 Be6 12. d3 a6
13. a4 c6 14. Ba3 Bxa3 15. Nxa3 axb5 16. axb5 d5 17. O-O Bg4 18. Nc2 Rxa1 19.
Rxa1 Bxf3 20. gxf3 Ke7 21. Ra7 Kd6 22. Rxb7 Nd7 23. bxc6 Nc5 24. Rb1 Nxd3 25.
cxd5 Rc8 26. e4 f5 27. Rb7 Nf4 28. Ne3 Ra8 29. Rb1 Rc8 30. Nc4+ Kc5 31. Nxe5
1-0

[Event "HWT 2010"]
[Site "?"]
[Date "2010.01.08"]
[Round "1"]
[White "Nguyen, Thuy Anh"]
[Black "Krawczyk, Roman"]
[Result "0-1"]
[WhiteElo "879"]
[BlackElo "1350"]
[PlyCount "48"]

{69MB, NAME-CD5FDA878D} 1. e4 e5 2. Nf3 Nc6 3. Bc4 Nf6 4. Ng5 d5 5. exd5 Nxd5
6. Qf3 Qxg5 7. Bxd5 Qg6 8. c3 Bg4 9. Qe4 Bf5 10. Bxc6+ bxc6 11. Qxe5+ Kd7 12.
Qd4+ Bd6 13. O-O Bxb1 14. d3 Bxd3 15. Re1 Rhe8 16. Bf4 c5 17. Qa4+ c6 18. Bxd6
Qxd6 19. g3 Rxe1+ 20. Rxe1 Re8 21. Rd1 Re2 22. c4 Qd4 23. Qb3 Qxf2+ 24. Kh1
Qg2# 0-1